00917cam a2200241Ma 450000500170000000800410001702000240005802000240008204000510010604100080015710000240016524500760018926000570026530000540032249000320037650400410040850500550044950500560050465000340056065000340059470000190062870000280064720140903175041.0130131s2013 xxuad fr 000 0 eng d a9788847024748 (V.2) a9788847024861 (V.1) aCO-BoUCMbspacJose A. GerenadDiana Londoño aeng1 aGandellini, Giorgio10aStrategy for actioncGiorgio Gandellini, Alberto Pezzi, Daniela Venanzi aLexington (Kentucky, Estados Unidos)bSpringerc2013 a2 volúmenesbilustraciones, cuadros, gráficas1 aSpringer briefs in business aIncluye referencias bibliográficas0 gV.1tThe logic and context of strategic management0 gV.2tStrategy formulation, development, and control 7aComportamiento organizacional 7aPlanificación estratégica1 aPezzi, Alberto1 aVenanzi, Danielad1957-